World Of Warcraft Raids - Statistics

General Stats
  • This quiz has been taken 1,686 times
    1,512 since last reset
  • The average score is 14 of 34
Answer Stats
Hint Answer % Correct
Classic Molten Core
86%
Temple of Ahn Qiraj
84%
Naxxramas
81%
Icecrown Citadel
78%
The Burning Crusade Black Temple
76%
Blackwing Lair
70%
Wrath Of The Lich King Ulduar
65%
Ruins of Ahn Qiraj
63%
Onyxia's Lair
58%
Gruul's Lair
51%
Cataclysm Dragon Soul
47%
Karazhan
47%
Firelands
43%
Sunwell Plateau
40%
Serpentshrine Cavern
39%
Throne of Thunder
39%
Trial of the Crusader
39%
Magtheridon's Lair
38%
Tempest Keep
38%
Ruby Sanctum
37%
Blackwing Descent
32%
Heart of Fear
29%
The Eye
29%
Eye Of Eternity
28%
Mists of Pandaria Mogu'shan Vaults
26%
Bastion of Twilight
24%
Throne of the Four Winds
20%
Battle for Mount Hyjal
18%
Terrace of Endless Spring
18%
Vault of Archavon
18%
Siege of Ogrimmar
15%
Baradin Hold
12%
Upper Blackrock Spire
11%
Obsidium Sanctum
6%
No matching quizzes found
Score Distribution
Percent of People with Each Score
Percentile by Number Answered
Your Score History
You have not taken this quiz since the last reset